Country Codes Words - Statistics

General Stats
  • This quiz has been taken 387 times
  • The average score is 10 of 20
Answer Stats
Hint Answer % Correct
Norway + Sweden Nose
92%
Jordan + Kenya Joke
70%
Somalia + Nigeria Song
65%
Taiwan + India Twin
64%
Argentina + Malaysia Army
61%
Bosnia and Herzegovina + Namibia + Namibia Banana
59%
Kiribati + Nigeria King
59%
Hungary + Nigeria + Eritrea Hunger
55%
Germany + Slovakia Desk
51%
Montenegro + Albania Meal
51%
Sierra Leone + Albania + Oman Slalom
49%
Morocco + Nigeria + Romania + Venezuela Mangrove
47%
Gabon + Somalia + Liechtenstein + Niger Gasoline
41%
Peru + Austria Peat
41%
Bolivia + Trinidad and Tobago + Oman Bottom
37%
Vatican + Latvia + Spain Valves
37%
Turkey + Australia + Morocco Trauma
35%
Burundi + Norway + Cuba + Laos + Serbia Binoculars
32%
Switzerland + Estonia + Sweden Cheese
31%
Slovenia + Sao Tome and Principe + Eritrea Sister
29%
No matching quizzes found
Score Distribution
Percent of People with Each Score
Percentile by Number Answered
Your Score History
You have not taken this quiz